书目信息 |
| 题名: |
建筑形态构成
|
|
| 作者: | 朱建民 编著 | |
| 分册: | ||
| 出版信息: | 北京 科学出版社 2002.02 |
|
| 页数: | 134页, [24] 页图版 | |
| 开本: | 23cm | |
| 丛书名: | 厦门大学新世纪教材大系 | |
| 单 册: | ||
| 中图分类: | TU2 | |
| 科图分类: | ||
| 主题词: | 建筑设计--jian zhu she ji--造型设计--高等学校--教材 | |
| 电子资源: | ||
| ISBN: | 7-03-010254-1 | |
| 000 | 00915nam 2200253 450 | |
| 001 | 012007179972 | |
| 005 | 20071010103406.04 | |
| 010 | @a7-03-010254-1@dCNY25.00 | |
| 100 | @a20030515d2002 km y0chiy0120 ea | |
| 101 | 0 | @achi |
| 102 | @aCN@b110000 | |
| 105 | @aaf a 000yy | |
| 200 | 1 | @a建筑形态构成@Ajian zhu xing tai gou cheng@f朱建民编著@Fzhu jian min bian zhu |
| 210 | @a北京@c科学出版社@d2002.02 | |
| 215 | @a134页, [24] 页图版@c图@d23cm | |
| 225 | 2 | @a厦门大学新世纪教材大系@Axia men da xue xin shi ji jiao cai da xi |
| 320 | @a有书目。 | |
| 330 | @a本书着重以建筑类型为立足点,全面探讨形态构成与实践问题,采取形象思维与逻辑思维相结合的方法,开拓创造思路,剖析建筑构成的本质。 | |
| 410 | 0 | @12001 @a厦门大学新世纪教材大系 |
| 606 | 0 | @a建筑设计@Ajian zhu she ji@x造型设计@x高等学校@j教材 |
| 690 | @aTU2@v4 | |
| 701 | 0 | @a朱建民@Azhu jian min@4编著 |
| 801 | 0 | @aCN@c20071010 |
| 905 | @dTU2@eZ854 | |
| 建筑形态构成/朱建民编著.-北京:科学出版社,2002.02 |
| 134页, [24] 页图版:图;23cm.-(厦门大学新世纪教材大系) |
| ISBN 7-03-010254-1:CNY25.00 |
| 本书着重以建筑类型为立足点,全面探讨形态构成与实践问题,采取形象思维与逻辑思维相结合的方法,开拓创造思路,剖析建筑构成的本质。 |
| ● |
| 相关链接 |
|
|
|
正题名:建筑形态构成
索取号:TU2/Z854
 
预约/预借
| 序号 | 登录号 | 条形码 | 馆藏地/架位号 | 状态 | 备注 |
| 1 | 243738 | 202437381 | 建筑库101/101建筑库 31排3列2层/ [索取号:TU2/Z854] | 在馆 | |
| 2 | 243739 | 202437390 | 建筑库101/101建筑库 31排3列2层/ [索取号:TU2/Z854] | 在馆 | |
| 3 | 243740 | 202437407 | 建筑与城市规划学院资料室/101建筑库 4排2列2层/ [索取号:TU2/Z854] | 在馆 |